000 00930nam a22003017a 4500
001 7254
003 FISKH
005 20250704113110.0
008 250704b cb ||||| |||| 00| 0 eng d
020 _a0448413035
040 _aFISKH
_beng
_cFISKH
_dFISKH
050 _aPZ7.O222 B
082 _a750
100 _aO'Connor, Jane
_d(1947–)
245 _aBenny's big bubble /
_cBy Jane O'Connor ; Illustrated by Tomie dePaola
250 _aThis edition first published in 1997
260 _aNew York :
_bGrosset,
_c1997
300 _a22 pages :
_bcolor illustrations ;
_c23 cm
505 _aG
520 _aSimple words and rebus pictures tell the story of Benny's big bubble. Includes flash cards.
521 8 _a300
_bLexile
521 8 _aG
_bRaz-Plus
650 _2Tomie dePaola
_aBubbles
650 _2Rebus
_aPicture reader
700 _adePaola, Tomie
_dillustrator
942 _2ddc
_cBK
_n0
999 _c7254
_d7254